| 000 | 00385nam a2200145Ia 4500 | ||
|---|---|---|---|
| 003 | SGT | ||
| 082 |
_a813.54 _bMIT |
||
| 100 | _aMitnick,Kevin D | ||
| 245 | 4 |
_aThe art of deception _bcontrolling the human element of security |
|
| 260 |
_bWiley India Pvt. Ltd. _aN.Delhi _c2003 |
||
| 300 | _a352p. | ||
| 650 | _aAmerican fiction in English | ||
| 700 | _aSimon,Wliilam L | ||
| 942 |
_2ddc _cBK |
||
| 999 |
_c5648 _d5648 |
||